000 00643nam a2200205Ia 4500
005 20260121110157.0
008 008 260114s9999 xx 000 0 hin d
020 _a9788132365624
037 _aEBOOK
040 _aCRL
_bhin
_cCRL
041 _ahin
_2hin
084 _qCRL
100 _aचंद्रिका खुराना / Chandrika Khurana
_9942973
245 0 _aभारतीय भूगोल / Bhartiya Bhugol
260 _bभाषा प्रकाशन / Bhasha Prakashan
_c2021
856 _uhttps://bhashaprakashan.com/product-details/379417
942 _cEBOOK
999 _c1534638
_d1534638